Quel club pour quel joueur de l'équipe de France de football 2014 ? - Statistiques

Statistiques générales
  • Ce quiz a été pris 7 947 fois
  • Le résultat moyen est 17 sur 23
Statistiques - réponses
Hint Réponse % Correct
Raphaël Varane Real Madrid
97%
Karim Benzema Real Madrid
97%
Lucas Digne PSG
96%
Yohann Cabaye PSG
96%
Blaise Matuidi PSG
96%
Mathieu Debuchy Arsenal
95%
Laurent Koscielny Arsenal
95%
Olivier Giroud Arsenal
95%
Patrice Evra Juventus
95%
Paul Pogba Juventus
95%
Stéphane Ruffier Saint-Etienne
92%
Hugo Lloris Tottenham
92%
Antoine Griezmann Atlético Madrid
89%
Rio Mavuba LOSC
87%
Eliaquim Mangala Manchester City
84%
Bacary Sagna Manchester City
84%
Mamadou Sakho Liverpool
66%
Rémy Cabella Newcastle
52%
Moussa Sissoko Newcastle
52%
Morgan Schneiderlin Southampton
36%
Mathieu Valbuena Dynamo Moscou
15%
Loïc Rémy Queens Parks Rangers
10%
Mickael Landreau Retraite
6%
Aucun quiz correspondant
Distribution des résultats
% des personnes avec chaque résultat
Percentile par nombre de réponses
Votre historique - résultats
Vous n’avez pas pris ce quiz